000 00405nam a2200181Ia 4500
001 9943
005 20260306161755.0
008 260306t1957||||xx |||||||||||||| ||spa||
041 _aESP
082 _a808.8
_bO693U
100 _aAristotelis
_eAUT
245 0 _aMetaphysica
260 _c1957
300 _axxii, 312 páginas :
_c19 cm.
650 _aGEN
654 _aCHU
942 _cLIB
_dJUS
_fJUS
_2ddc
_n
999 _c9943
_d9943